000 00768nam a2200229 a 4500
999 _c3841
_d3841
001 3841
003 BD-JhCC
005 20171118210836.0
008 171118s1997 bg |||| ||a| 000 0 ben d
020 _a9845551610
035 _a(BD-JhCC)3841
040 _aBD-JhCC
_dBD-JhCC
041 _aben
082 _a891.4409
_bIYU 1997
100 _aআইয়ুব, সালাহউদ্দীন
245 _aনজরুল-সাহিত্যের নন্দতাত্ত্বিক বিচার /
_cসালাহউদ্দীন আইয়ুব
260 _aঢাকা :
_bনজরুল ইন্সটিটিউট,
_c১৯৯৭.
300 _a100 p. :
_c21 cm.
650 _aBengali Literature
942 _2ddc
_cBK